000 00334 a2200157 4500
001 67352
020 _a9788574851617
040 _cAnchieta - Pituba
100 _aet.al.
240 1 0 _aCasa de cultura alemã
_lpor
245 1 0 _aCasa de cultura alemã
300 _a179
362 0 _a2013
650 4 _aLíngua alemã
942 _cBK
999 _c67352
_d67352